000 00386nam a2200145Ia 4500
008 230312s9999||||xx |||||||||||||| ||und||
020 _a9788178803074
082 _a621.3803
_bSHU-E
245 0 _aEncyclopedia dictionary of telecommunication
260 _bRajat Pub
_aNew Delhi
_c2008
300 _a568
546 _aEng.
650 _aDictionary
_vDictionary, Encyclopaedia
942 _cBK
999 _c4625
_d4625